[Event "4NCL/Div1/BAR1 vs. BET"]
[Site "West Bromwich ENG"]
[Date "2004.05.22"]
[Round "10.3"]
[White "Collins, Sam"]
[Black "Pert, Richard G"]
[Result "1-0"]
[WhiteElo "2392"]
[BlackElo "2424"]
[PlyCount "71"]
[EventDate "2004.05.22"]

1. e4 c5 2. Nf3 Nc6 3. c3 d5 4. exd5 Qxd5 5. d4 Nf6 6. dxc5 Qxc5 7. Na3 Ng4 8.
Qe2 Bf5 9. h3 Nf6 10. Be3 Qa5 11. Nc4 Qc7 12. O-O-O e6 13. g3 Rd8 14. Bg2 Nd5
15. Nd4 Nxe3 16. Nb5 Qb8 17. Qxe3 Be7 18. Bxc6+ bxc6 19. Rxd8+ Qxd8 20. Rd1
Qxd1+ 21. Kxd1 cxb5 22. Ne5 O-O 23. Nc6 Bf6 24. g4 Bb1 25. Qxa7 h5 26. a4 bxa4
27. Qxa4 h4 28. Qf4 e5 29. Nxe5 Rd8+ 30. Kc1 Ba2 31. Nf3 Bb3 32. Nd2 Be6 33.
Kc2 Rd5 34. Ne4 Be7 35. c4 Ra5 36. Qc7 1-0

[Event "4NCL/Div1/BAR1 vs. BET"]
[Site "West Bromwich ENG"]
[Date "2004.05.22"]
[Round "10.4"]
[White "Hunt, Adam C"]
[Black "Collinson, Adam"]
[Result "1-0"]
[WhiteElo "2411"]
[BlackElo "2391"]
[PlyCount "151"]
[EventDate "2004.05.22"]

1. e4 c5 2. Nf3 d6 3. d4 cxd4 4. Nxd4 Nf6 5. Nc3 a6 6. Bc4 e6 7. O-O b5 8. Bb3
Be7 9. Qf3 Qc7 10. Qg3 Nc6 11. Nxc6 Qxc6 12. Re1 Bb7 13. Qxg7 Rg8 14. Qh6 O-O-O
15. Qh3 Kb8 16. a3 Rg6 17. Re2 Rdg8 18. f3 h5 19. Kh1 Qe8 20. Bd2 h4 21. f4 d5
22. f5 Rg4 23. exd5 exd5 24. Qe3 d4 25. Qe5+ Ka8 26. Nd5 Bd8 27. Qxe8 Nxe8 28.
h3 Rg3 29. Nf4 Nd6 30. Bd5 Bxd5 31. Nxd5 Nxf5 32. Bf4 R3g6 33. a4 Kb7 34. axb5
axb5 35. Re5 Nd6 36. Ne7 Bxe7 37. Rxe7+ Kb6 38. Bxd6 Rxd6 39. Rxf7 Re6 40. Rf2
Rge8 41. Rd2 Kc5 42. Kg1 Re4 43. Rf1 Kc4 44. Rf7 R8e7 45. Rf3 b4 46. Kf2 Re8
47. b3+ Kd5 48. Rf7 R8e7 49. Rxe7 Rxe7 50. Kf3 Rg7 51. Kf2 Ke4 52. Re2+ Kf4 53.
Ke1 Rg3 54. Kd2 Kf5 55. Ke1 Kf4 56. Kf1 Rc3 57. Rd2 Ke3 58. Rf2 Ke4 59. Ke1
Re3+ 60. Re2 d3 61. cxd3+ Kxd3 62. Rxe3+ Kxe3 63. Kf1 Kd3 64. g4 hxg3 65. h4
Ke4 66. Kg2 Kf4 67. h5 Kg5 68. Kxg3 Kxh5 69. Kf4 Kg6 70. Ke5 Kf7 71. Kd6 Ke8
72. Kc5 Kd7 73. Kxb4 Kc6 74. Ka5 Kb7 75. Kb5 Ka7 76. Kc6 1-0

[Event "4NCL/Div1/BAR1 vs. BET"]
[Site "West Bromwich ENG"]
[Date "2004.05.22"]
[Round "10.5"]
[White "Knott, Simon"]
[Black "Duncan, Christopher R"]
[Result "0-1"]
[WhiteElo "2361"]
[BlackElo "2324"]
[PlyCount "100"]
[EventDate "2004.05.22"]

1. Nf3 d5 2. d4 Nf6 3. c4 c6 4. Nc3 dxc4 5. a4 c5 6. e4 cxd4 7. Qxd4 Qxd4 8.
Nxd4 e5 9. Ndb5 Na6 10. Bxc4 Bc5 11. Ke2 Be6 12. Bxe6 fxe6 13. Be3 Ke7 14. f3
Bxe3 15. Kxe3 Nd7 16. Rad1 Rhc8 17. Rd2 Nb6 18. Na3 Rc5 19. Rhd1 Nb4 20. Ncb5
a6 21. a5 N6d5+ 22. exd5 Nxd5+ 23. Kf2 axb5 24. b4 Nxb4 25. Rd7+ Kf6 26. Rxb7
Nd5 27. Rxb5 Rxb5 28. Nxb5 Rxa5 29. Nd6 Ra2+ 30. Kg3 Rxg2+ 31. Kxg2 Ne3+ 32.
Kg3 Nxd1 33. Ne4+ Kf5 34. Nd6+ Kg6 35. Ne4 Ne3 36. Kf2 Nd5 37. Ng3 Kg5 38. Ne4+
Kf4 39. Nc5 Kf5 40. Ne4 Nf6 41. Ng3+ Kg5 42. Ke3 h5 43. Nh1 Kh4 44. Nf2 e4 45.
f4 Ng4+ 46. Nxg4 Kxg4 47. Kxe4 h4 48. Ke5 Kf3 49. f5 exf5 50. Kxf5 h3 0-1

[Event "4NCL/Div1/BAR1 vs. BET"]
[Site "West Bromwich ENG"]
[Date "2004.05.22"]
[Round "10.6"]
[White "Ansell, Simon"]
[Black "Ferguson, Mark"]
[Result "1-0"]
[WhiteElo "2371"]
[BlackElo "2381"]
[PlyCount "109"]
[EventDate "2004.05.22"]

1. e4 e5 2. Nf3 Nc6 3. d4 exd4 4. Nxd4 Nf6 5. Nxc6 bxc6 6. Nd2 d6 7. Bd3 Be7 8.
O-O O-O 9. Re1 Nd7 10. c3 Bf6 11. Bc2 Re8 12. Nf3 c5 13. Bf4 Bb7 14. Qd3 g6 15.
Rad1 Ne5 16. Nxe5 Bxe5 17. Bxe5 Rxe5 18. f4 Re8 19. Qg3 Qf6 20. Re3 Re7 21.
Rde1 Rd8 22. h4 Kh8 23. Qg5 Qxg5 24. hxg5 Kg7 25. g4 Bc6 26. Kf2 Rb8 27. b3 Bd7
28. Kg3 a5 29. f5 f6 30. gxf6+ Kxf6 31. e5+ dxe5 32. g5+ Kxg5 33. fxg6 hxg6 34.
Rxe5+ Rxe5 35. Rxe5+ Kf6 36. Rxc5 c6 37. Rxa5 Rh8 38. Rc5 Rh3+ 39. Kg2 Re3 40.
Kf2 Rh3 41. Be4 Rh2+ 42. Bg2 Bh3 43. Kg3 Rxg2+ 44. Kxh3 Rxa2 45. Rxc6+ Kf5 46.
Kg3 Rd2 47. Rc5+ Ke4 48. b4 Rd3+ 49. Kg4 Rd1 50. Kg5 Rg1+ 51. Kf6 Rg2 52. b5
Rg1 53. c4 Kd4 54. Rc8 g5 55. Kf5 1-0

[Event "4NCL/Div1/BAR1 vs. BET"]
[Site "West Bromwich ENG"]
[Date "2004.05.22"]
[Round "10.7"]
[White "D'Costa, Lorin A R"]
[Black "Ledger, David J"]
[Result "1-0"]
[WhiteElo "2359"]
[BlackElo "2289"]
[PlyCount "145"]
[EventDate "2004.05.22"]

1. d4 f5 2. g3 Nf6 3. Bg2 e6 4. Nf3 Be7 5. O-O O-O 6. c4 d6 7. Nc3 Ne4 8. Nxe4
fxe4 9. Ne1 d5 10. f3 dxc4 11. Be3 c5 12. Nc2 cxd4 13. Qxd4 Qxd4 14. Nxd4 e5
15. Nb5 Nc6 16. Rac1 exf3 17. Bxf3 Rxf3 18. exf3 Bf5 19. Rfd1 Bd3 20. b3 a6 21.
bxc4 Be2 22. Rd2 Bxf3 23. Nc7 Rc8 24. Nd5 Bf8 25. Nb6 Re8 26. Nd7 Bb4 27. Rf2
Bg4 28. Nb6 Nd4 29. Kg2 Bc5 30. Na4 Ba3 31. Rb1 b5 32. cxb5 axb5 33. Nc3 Rb8
34. h3 Bd7 35. Rd1 Bc6+ 36. Kf1 b4 37. Bxd4 exd4 38. Nb1 Bb5+ 39. Kg1 d3 40.
Rf4 Bd7 41. Rxd3 Bb5 42. Rd1 Ba4 43. Re1 Bb2 44. a3 Bf6 45. Rxb4 Ra8 46. Rc1
Bd7 47. g4 h6 48. Rc7 Be6 49. Rcb7 Kh7 50. a4 Ba2 51. Na3 Bc3 52. Rf4 Bd2 53.
Re4 Bd5 54. Rbe7 Bxe4 55. Rxe4 Kg6 56. Kf2 h5 57. Nc4 Bc3 58. Ne3 hxg4 59. hxg4
Kg5 60. Nd5 Ba5 61. Ke3 Rb8 62. Kd4 Rb1 63. Kc5 Bd2 64. Nb4 Rg1 65. a5 Rxg4 66.
Rxg4+ Kxg4 67. a6 Be3+ 68. Kc6 g5 69. Kb7 Kf3 70. Nd5 Ba7 71. Kxa7 g4 72. Kb8
g3 73. Ne3 1-0

[Event "4NCL/Div1/BAR1 vs. BET"]
[Site "West Bromwich ENG"]
[Date "2004.05.22"]
[Round "10.8"]
[White "Tidman, Sophie"]
[Black "Bhatia, Kanwal K"]
[Result "1-0"]
[WhiteElo "2118"]
[BlackElo "2065"]
[PlyCount "83"]
[EventDate "2004.05.22"]

1. e4 e5 2. Nf3 Nc6 3. Bc4 Bc5 4. O-O Nf6 5. d3 d6 6. c3 a6 7. Nbd2 O-O 8. Bb3
Bg4 9. h3 Be6 10. Bc2 Ba7 11. Re1 Ne7 12. Nf1 Ng6 13. Ng3 d5 14. d4 exd4 15.
Nxd4 Nd7 16. Be3 Qf6 17. exd5 Bxd5 18. Qh5 Qe5 19. Bg5 Bxd4 20. Rxe5 Bxe5 21.
Nf5 Bf6 22. Ne7+ Bxe7 23. Bxe7 Rfe8 24. Qxd5 Rxe7 25. Rd1 c6 26. Qd6 Rae8 27.
Kh2 Nf6 28. Bb3 Ne4 29. Qd4 c5 30. Qd5 Nxf2 31. Rf1 Nf4 32. Qf5 N2d3 33. Rxf4
Nxf4 34. Qxf4 b5 35. Bd5 h6 36. a4 c4 37. axb5 axb5 38. Bc6 Rc8 39. Bxb5 Re2
40. Bxc4 Rxb2 41. Qxf7+ Kh8 42. Be6 1-0

[Event "4NCL/Div1/WGR1 vs. BAR2"]
[Site "West Bromwich ENG"]
[Date "2004.05.22"]
[Round "10.1"]
[White "Adams, Michael"]
[Black "Woodward, Timothy D M"]
[Result "1-0"]
[WhiteElo "2731"]
[BlackElo "2343"]
[PlyCount "63"]
[EventDate "2004.05.22"]

1. e4 c6 2. d4 d5 3. Nd2 dxe4 4. Nxe4 Bf5 5. Ng3 Bg6 6. h4 h6 7. Nf3 Nd7 8. h5
Bh7 9. Bd3 Bxd3 10. Qxd3 e6 11. Bf4 Bb4+ 12. c3 Be7 13. O-O-O Ngf6 14. Kb1 O-O
15. Ne5 Qa5 16. Ne4 Rad8 17. Nxf6+ Nxf6 18. g4 Nh7 19. Qe2 Bf6 20. Nd3 Rfe8 21.
Rhe1 Qb6 22. Be3 Qb5 23. f4 a5 24. Qc2 Be7 25. Ne5 Nf8 26. g5 hxg5 27. fxg5 f6
28. c4 Qb6 29. gxf6 Bxf6 30. Ng4 Be7 31. Rg1 Kh8 32. h6 1-0

[Event "4NCL/Div1/WGR1 vs. BAR2"]
[Site "West Bromwich ENG"]
[Date "2004.05.22"]
[Round "10.2"]
[White "Rogers, Jonathan W"]
[Black "McShane, Luke"]
[Result "0-1"]
[WhiteElo "2338"]
[BlackElo "2656"]
[PlyCount "48"]
[EventDate "2004.05.22"]

1. e4 c5 2. Nf3 Nc6 3. d4 cxd4 4. Nxd4 Nf6 5. Nc3 e5 6. Nf5 d5 7. exd5 Bxf5 8.
dxc6 bxc6 9. Qf3 Qd7 10. Bc4 e4 11. Qg3 Bg6 12. Nb5 cxb5 13. Qe5+ Kd8 14. Bxb5
Bd6 15. Qd4 Qc7 16. Bh6 Ne8 17. O-O-O Ke7 18. Bxe8 gxh6 19. Qxh8 e3 20. Kb1
Bxc2+ 21. Ka1 Bxd1 22. Rxd1 Rxe8 23. Qd4 exf2 24. Qxf2 Kf8 0-1

[Event "4NCL/Div1/WGR1 vs. BAR2"]
[Site "West Bromwich ENG"]
[Date "2004.05.22"]
[Round "10.4"]
[White "Shikerov, Stefan"]
[Black "Lalic, Bogdan"]
[Result "1/2-1/2"]
[WhiteElo "2328"]
[BlackElo "2535"]
[PlyCount "34"]
[EventDate "2004.05.22"]

1. e4 e6 2. d4 d5 3. e5 c5 4. c3 Nc6 5. Nf3 Bd7 6. Be2 Nge7 7. a3 c4 8. O-O Na5
9. Nbd2 Bc6 10. Rb1 Nc8 11. Ne1 Nb6 12. Bg4 Ba4 13. Qe2 h5 14. Bh3 g6 15. f4
Qd7 16. Ndf3 O-O-O 17. Ng5 Kb8 1/2-1/2

[Event "4NCL/Div1/WGR1 vs. BAR2"]
[Site "West Bromwich ENG"]
[Date "2004.05.22"]
[Round "10.5"]
[White "Emms, John M"]
[Black "Taylor, Martin R"]
[Result "1-0"]
[WhiteElo "2508"]
[BlackElo "2332"]
[PlyCount "89"]
[EventDate "2004.05.22"]

1. e4 e5 2. Nf3 Nc6 3. Bb5 a6 4. Ba4 Nf6 5. O-O b5 6. Bb3 Be7 7. Re1 d6 8. c3
O-O 9. d3 Na5 10. Bc2 c5 11. Nbd2 Re8 12. Nf1 Bf8 13. Bg5 h6 14. Bh4 g6 15. a3
Bg7 16. b4 Nc6 17. Ne3 Be6 18. Bb3 Qc7 19. Bxe6 fxe6 20. Bxf6 Bxf6 21. bxc5
dxc5 22. Qb3 Rab8 23. Qa2 Bg7 24. Rac1 Qa5 25. h4 Rbd8 26. Red1 Rd6 27. Rd2
Red8 28. h5 g5 29. Nf5 Qc7 30. Nxd6 Rxd6 31. a4 b4 32. cxb4 Nxb4 33. Qc4 Qd7
34. a5 Qf7 35. Rb1 Bf8 36. Qxc5 Rxd3 37. Qc8 Rxd2 38. Nxd2 Nd3 39. Rf1 Nf4 40.
Qxa6 Qxh5 41. Re1 Qg4 42. g3 Kg7 43. Qa7+ Kf6 44. Qe3 Bb4 45. a6 1-0

[Event "4NCL/Div1/WGR1 vs. BAR2"]
[Site "West Bromwich ENG"]
[Date "2004.05.22"]
[Round "10.6"]
[White "Taylor, Peter"]
[Black "Ward, Christopher"]
[Result "1/2-1/2"]
[WhiteElo "2270"]
[BlackElo "2500"]
[PlyCount "92"]
[EventDate "2004.05.22"]

1. c4 b6 2. Nc3 Bb7 3. e4 e6 4. Nge2 f5 5. exf5 exf5 6. Nf4 Nf6 7. d4 Bb4 8.
Bd3 Qe7+ 9. Qe2 Qxe2+ 10. Kxe2 Nc6 11. Be3 Bxc3 12. bxc3 Ne7 13. f3 g5 14. Nh3
f4 15. Bd2 h6 16. Nf2 O-O-O 17. Rhe1 Nc6 18. Kf1 Ba6 19. c5 Kb7 20. Bxa6+ Kxa6
21. Nd3 Rhe8 22. c4 d5 23. cxd6 cxd6 24. d5 Ne5 25. Nxe5 dxe5 26. Bc3 Nd7 27.
Re4 Rc8 28. Rae1 Rc7 29. Bxe5 Rxe5 30. Rxe5 Nxe5 31. Rxe5 Rxc4 32. d6 Rd4 33.
Re6 h5 34. Ke2 Kb7 35. Re7+ Kc6 36. Rxa7 Kxd6 37. Rg7 Rd5 38. Rg6+ {(=)} 38...
Kc7 39. g3 Ra5 40. Rg7+ Kc6 41. Rg6+ Kb7 42. Kd3 Ra3+ 43. Ke4 Re3+ 44. Kd4 fxg3
45. hxg3 Rxf3 46. Rxg5 Ra3 1/2-1/2

[Event "4NCL/Div1/WGR1 vs. BAR2"]
[Site "West Bromwich ENG"]
[Date "2004.05.22"]
[Round "10.7"]
[White "Martin, Andrew D"]
[Black "Mack, Andrew"]
[Result "1-0"]
[WhiteElo "2429"]
[BlackElo "2262"]
[PlyCount "83"]
[EventDate "2004.05.22"]

1. Nf3 Nf6 2. c4 g6 3. g3 Bg7 4. Bg2 O-O 5. O-O d6 6. d4 Nbd7 7. d5 e5 8. dxe6
fxe6 9. Nd4 Qe7 10. Nc3 Nb6 11. b3 d5 12. cxd5 Nbxd5 13. Bb2 Rd8 14. Qc1 Nxc3
15. Bxc3 e5 16. Nc2 Nd5 17. Bb2 Be6 18. Ne3 Nxe3 19. Qxe3 Bd5 20. Rad1 Bxg2 21.
Kxg2 a5 22. Rxd8+ Rxd8 23. Rc1 Qd6 24. Qe4 c6 25. Rc2 Qd5 26. Qxd5+ Rxd5 27.
Kf3 Kf7 28. e4 Rd7 29. Ke2 Ke6 30. Rc5 a4 31. bxa4 Rd8 32. a5 Ra8 33. Bc3 Kd6
34. Rc4 Kc7 35. a4 b6 36. axb6+ Kxb6 37. f4 Re8 38. g4 Bh8 39. f5 gxf5 40. exf5
Bf6 41. Bd2 Rg8 42. g5 1-0

[Event "4NCL/Div1/WGR2 vs. WWKS"]
[Site "West Bromwich ENG"]
[Date "2004.05.22"]
[Round "10.1"]
[White "Littlewood, Paul E"]
[Black "Dighton, Simon"]
[Result "1-0"]
[WhiteElo "2390"]
[BlackElo "2247"]
[PlyCount "115"]
[EventDate "2004.05.22"]

1. d4 Nf6 2. c4 e6 3. Nf3 d5 4. e3 Be7 5. Nc3 O-O 6. a3 b6 7. Be2 Bb7 8. cxd5
exd5 9. b4 Nbd7 10. O-O c5 11. bxc5 bxc5 12. Rb1 Rb8 13. dxc5 Nxc5 14. Bb2 Nfe4
15. Na4 Bf6 16. Nxc5 Nxc5 17. Bd4 Qe7 18. Rb4 Ba8 19. Bxf6 Qxf6 20. Qd4 Qxd4
21. Nxd4 a5 22. Rb5 Rxb5 23. Bxb5 Ne4 24. Rc1 Nd6 25. a4 Nc4 26. Nb3 g6 27. h3
Rb8 28. e4 Nd6 29. Nxa5 dxe4 30. Rd1 Nxb5 31. axb5 Kg7 32. Rb1 Bd5 33. b6 Kf6
34. Rb5 Ke6 35. Kf1 Kd6 36. Ke2 Bc6 37. Nc4+ Ke6 38. Re5+ Kf6 39. Rc5 Bd7 40.
Ke3 Be6 {(=)} 41. Rc6 Ke7 42. Kd4 Rd8+ 43. Kc3 Rd3+ 44. Kb4 Rd1 45. Rc7+ Kd8
46. Ne5 Rb1+ 47. Kc5 Rc1+ 48. Kd6 Rd1+ 49. Kc6 e3 50. fxe3 Bd5+ 51. Kc5 Bxg2
52. Nxf7+ Ke8 53. Nd6+ Kd8 54. Nf7+ Ke8 55. b7 Rc1+ 56. Kd4 Rd1+ 57. Ke5 Rd5+
58. Ke6 1-0

[Event "4NCL/Div1/WGR2 vs. WWKS"]
[Site "West Bromwich ENG"]
[Date "2004.05.22"]
[Round "10.2"]
[White "Mason, Don"]
[Black "Sowray, Peter J"]
[Result "0-1"]
[WhiteElo "2280"]
[BlackElo "2360"]
[PlyCount "58"]
[EventDate "2004.05.22"]

1. e4 d6 2. f4 g6 3. Nf3 Bg7 4. Nc3 Nf6 5. Be2 c5 6. O-O Nc6 7. Bb5 Bd7 8. d3
a6 9. Bxc6 Bxc6 10. Qe1 b5 11. Qh4 c4 12. Be3 b4 13. Nd1 Rc8 14. Nf2 Bb7 15. g4
h5 16. g5 Nd7 17. d4 e6 18. Qg3 O-O 19. f5 exf5 20. exf5 Re8 21. Rae1 Nb6 22.
Nh4 Kh7 23. fxg6+ fxg6 24. Nxg6 Kxg6 25. Nh3 Nd5 26. Rf6+ Kh7 27. Rxd6 Qc7 28.
g6+ Kg8 29. c3 Rxe3 0-1

[Event "4NCL/Div1/WGR2 vs. WWKS"]
[Site "West Bromwich ENG"]
[Date "2004.05.22"]
[Round "10.3"]
[White "Levitt, Jonathan P"]
[Black "Thomas, Nicholas"]
[Result "1-0"]
[WhiteElo "2425"]
[BlackElo "2263"]
[PlyCount "45"]
[EventDate "2004.05.22"]

1. d4 f5 2. Nc3 Nf6 3. Bg5 d5 4. e3 Be6 5. Bd3 Nc6 6. Nf3 g6 7. Bb5 Nd7 8. Ne2
Bf7 9. c4 h6 10. cxd5 Bxd5 11. Bh4 a6 12. Bxc6 bxc6 13. Nf4 Bf7 14. Nd3 g5 15.
Bg3 Bg7 16. O-O O-O 17. Rc1 Bd5 18. Nb4 e5 19. Nxd5 cxd5 20. Bxe5 Nxe5 21. Nxe5
Bxe5 22. dxe5 Qd7 23. Qc2 1-0

[Event "4NCL/Div1/WGR2 vs. WWKS"]
[Site "West Bromwich ENG"]
[Date "2004.05.22"]
[Round "10.4"]
[White "James, Russell A"]
[Black "Arakhamia-Grant, Ketevan"]
[Result "0-1"]
[WhiteElo "2209"]
[BlackElo "2423"]
[PlyCount "58"]
[EventDate "2004.05.22"]

1. e4 c5 2. c3 d5 3. exd5 Qxd5 4. d4 Nf6 5. Nf3 e6 6. Na3 cxd4 7. Nb5 Qd8 8.
Qxd4 Qxd4 9. Nbxd4 a6 10. Bg5 Nbd7 11. O-O-O Bc5 12. Bc4 O-O 13. b4 Ba7 14.
Bxe6 fxe6 15. Nxe6 Rf7 16. Rhe1 Bxf2 17. Re2 Bb6 18. Rd6 h6 19. Bh4 a5 20. a3
axb4 21. axb4 Ng4 22. h3 Ne3 23. Rxb6 Nxb6 24. Rxe3 Nc4 25. Re4 b5 26. Nd8 Ra1+
27. Kc2 Bf5 28. Nxf7 Bxe4+ 29. Kb3 Ra3# 0-1

[Event "4NCL/Div1/WGR2 vs. WWKS"]
[Site "West Bromwich ENG"]
[Date "2004.05.22"]
[Round "10.5"]
[White "Rechel, Bernd"]
[Black "Wu, Li"]
[Result "1-0"]
[WhiteElo "2420"]
[BlackElo "2197"]
[PlyCount "31"]
[EventDate "2004.05.22"]

1. d4 Nf6 2. Nc3 d5 3. Bg5 b6 4. e3 e6 5. Nf3 Nbd7 6. Bb5 Bd6 7. Ne5 O-O 8. f4
Qe8 9. Bc6 Rb8 10. O-O a6 11. Rf3 h6 12. Bxf6 gxf6 13. Rg3+ Kh7 14. Bxd7 Bxd7
15. Ng4 Be7 16. Nxh6 1-0

[Event "4NCL/Div1/WGR2 vs. WWKS"]
[Site "West Bromwich ENG"]
[Date "2004.05.22"]
[Round "10.6"]
[White "Pitcher, John"]
[Black "Tiller, Bjorn"]
[Result "1-0"]
[WhiteElo "2185"]
[BlackElo "2395"]
[PlyCount "81"]
[EventDate "2004.05.22"]

1. e4 g6 2. d4 Bg7 3. Nc3 a6 4. Nf3 d6 5. h3 b5 6. Bd3 Nd7 7. Ne2 c5 8. c3 Rb8
9. O-O Ngf6 10. e5 Nd5 11. Nf4 Nxf4 12. Bxf4 dxe5 13. dxe5 e6 14. Be4 O-O 15.
Bg5 f6 16. exf6 Bxf6 17. Bh6 Bg7 18. Bxg7 Kxg7 19. Qe2 Nf6 {(=)} 20. Ne5 Nxe4
21. Qxe4 Bb7 22. Qe3 Qd5 23. f3 Rbd8 24. Rfd1 Qxd1+ 25. Rxd1 Rxd1+ 26. Kh2 Rd5
27. Nd3 e5 28. Nxc5 Bc8 29. b4 Rfd8 30. Qg5 Re8 31. h4 h6 32. Qe3 Rf8 33. a4
Rf4 34. Kg3 Rf6 35. axb5 axb5 36. Ne4 Ra6 37. c4 bxc4 38. Nc3 Rd3 39. Qxe5+ Kf7
40. Nd5 Be6 41. Qf6+ 1-0

[Event "4NCL/Div1/WGR2 vs. WWKS"]
[Site "West Bromwich ENG"]
[Date "2004.05.22"]
[Round "10.7"]
[White "Tan, Desmond"]
[Black "Baruch, Andrew J D"]
[Result "1-0"]
[WhiteElo "2332"]
[BlackElo "2106"]
[PlyCount "67"]
[EventDate "2004.05.22"]

1. e4 Nf6 2. e5 Nd5 3. d4 d6 4. c4 Nb6 5. exd6 cxd6 6. Nc3 g6 7. Be3 Bg7 8. Rc1
O-O 9. b3 e6 10. Nf3 Bd7 11. Be2 a5 12. O-O Na6 13. Bf4 Nc8 14. Qd2 f5 15. Rfd1
Be8 16. h4 Kh8 17. Bf1 a4 18. bxa4 Nc7 19. Nb5 Rxa4 20. Nxc7 Qxc7 21. c5 Qd8
22. cxd6 Nxd6 23. Be5 Kg8 24. Bxg7 Kxg7 {(=)} 25. d5 Qf6 26. dxe6 Ne4 27. Rc7+
Bf7 28. Qd7 Qb2 29. Qxa4 Qxf2+ 30. Kh1 Kh6 31. Qd4 Ng3+ 32. Kh2 Nxf1+ 33. Rxf1
Qxf1 34. Rxf7 1-0

[Event "4NCL/Div1/WGR2 vs. WWKS"]
[Site "West Bromwich ENG"]
[Date "2004.05.22"]
[Round "10.8"]
[White "Chevannes, Sabrina"]
[Black "McDonald, Neil"]
[Result "0-1"]
[WhiteElo "2052"]
[BlackElo "2380"]
[PlyCount "74"]
[EventDate "2004.05.22"]

1. d4 Nf6 2. Nf3 c5 3. c3 b6 4. Bf4 g6 5. Nbd2 Bb7 6. e3 Bg7 7. Bd3 Na6 8. O-O
O-O 9. a3 d6 10. e4 cxd4 11. cxd4 e5 12. Be3 exd4 13. Bxd4 Nc5 14. Bxc5 dxc5
15. Qc2 Ng4 16. Rab1 Qe7 17. h3 Ne5 18. Nxe5 Qxe5 19. Nf3 Qf4 20. Rfe1 Rfe8 21.
Re2 Rad8 22. Rbe1 h5 23. b3 Re7 24. Bc4 Bc6 25. a4 Kf8 26. Kf1 Bf6 27. Kg1 Rde8
28. Bd5 Bxd5 29. exd5 Rxe2 30. Rxe2 Rd8 31. Rd2 g5 32. Qc4 Qf5 33. Qd3 Qxd3 34.
Rxd3 Bd4 35. Nxg5 Rxd5 36. Rg3 Be5 37. Nh7+ Ke7 0-1

[Event "4NCL/Div1/MMNWE1 vs. 3CS1"]
[Site "West Bromwich ENG"]
[Date "2004.05.22"]
[Round "10.1"]
[White "Hanley, Craig A"]
[Black "Davies, Nigel R"]
[Result "1/2-1/2"]
[WhiteElo "2330"]
[BlackElo "2512"]
[PlyCount "26"]
[EventDate "2004.05.22"]

1. Nf3 Nf6 2. b3 d5 3. Bb2 Bg4 4. e3 Nbd7 5. Be2 e6 6. Ne5 Bxe2 7. Qxe2 Nxe5 8.
Bxe5 Bd6 9. Bxd6 cxd6 10. O-O O-O 11. d3 Qa5 12. c4 dxc4 13. dxc4 d5 1/2-1/2

[Event "4NCL/Div1/MMNWE1 vs. 3CS1"]
[Site "West Bromwich ENG"]
[Date "2004.05.22"]
[Round "10.2"]
[White "Arkell, Keith C"]
[Black "Crouch, Colin S"]
[Result "1/2-1/2"]
[WhiteElo "2507"]
[BlackElo "2375"]
[PlyCount "47"]
[EventDate "2004.05.22"]

1. d4 Nf6 2. c4 e6 3. Nf3 b6 4. Nc3 Bb7 5. a3 d5 6. cxd5 exd5 7. Bg5 Be7 8. e3
O-O 9. Bxf6 Bxf6 10. b4 c5 11. bxc5 bxc5 12. Rc1 cxd4 13. Nxd4 Nc6 14. Be2 Nxd4
15. exd4 Qb6 16. O-O Qxd4 17. Bf3 Rad8 18. Qb3 Ba6 19. Rfd1 Qc4 20. Bxd5 Qxb3
21. Bxb3 Rxd1+ 22. Nxd1 Rc8 23. Rxc8+ Bxc8 24. Ne3 1/2-1/2

[Event "4NCL/Div1/MMNWE1 vs. 3CS1"]
[Site "West Bromwich ENG"]
[Date "2004.05.22"]
[Round "10.3"]
[White "Quillan, Gary"]
[Black "Juanoobi, Ali"]
[Result "1-0"]
[WhiteElo "2308"]
[BlackElo "2264"]
[PlyCount "77"]
[EventDate "2004.05.22"]

1. e4 g6 2. d4 Bg7 3. Nc3 d6 4. Be3 Nd7 5. Nf3 a6 6. Qd2 b5 7. a4 b4 8. Ne2 c5
9. Ng3 Bb7 10. h3 Qc7 11. c3 bxc3 12. bxc3 Qa5 13. Bd3 Ngf6 14. O-O cxd4 15.
cxd4 Qxd2 16. Nxd2 O-O 17. Nb3 Rfc8 18. Na5 Rc3 19. Rfd1 Bc8 20. Ne2 Rc7 21.
Rab1 Rb8 22. Rxb8 Nxb8 23. d5 e6 24. Bb6 Re7 25. Rc1 Re8 26. Bc7 Bd7 27. Rb1
exd5 28. Rxb8 dxe4 29. Bxa6 d5 30. Bb5 Rxb8 31. Bxb8 Bc8 32. Nc6 Bf8 33. Be5
Nd7 34. Bd4 Nc5 35. Nc3 Be6 36. a5 Nb3 37. a6 Nxd4 38. a7 Nxb5 39. Nxb5 1-0

[Event "4NCL/Div1/MMNWE1 vs. 3CS1"]
[Site "West Bromwich ENG"]
[Date "2004.05.22"]
[Round "10.4"]
[White "Bentley, John L"]
[Black "van der Linden, Lukas"]
[Result "1-0"]
[WhiteElo "2218"]
[BlackElo "2275"]
[PlyCount "81"]
[EventDate "2004.05.22"]

1. d4 Nf6 2. Nf3 d5 3. c4 dxc4 4. e3 e6 5. Bxc4 c5 6. O-O a6 7. Qe2 b5 8. Bd3
Nbd7 9. a4 b4 10. Nbd2 Bb7 11. Nc4 Qc7 12. Bd2 Ne4 13. Nfe5 Nxe5 14. dxe5 Nxd2
15. Qxd2 Rd8 16. Qc2 Be7 17. Rad1 g6 18. Be4 {(=)} 18... Bd5 19. f4 O-O 20. Rc1
a5 21. b3 Rc8 22. Bf3 Rfd8 23. Rfd1 Bxf3 24. gxf3 Rd5 25. e4 Rd4 26. Rxd4 cxd4
27. Qd3 Qd8 28. Rc2 Bf8 29. Kh1 Qh4 30. f5 exf5 31. exf5 Qe1+ 32. Kg2 gxf5 33.
Re2 Qc3 34. Qxf5 d3 35. Re4 Rc6 36. e6 fxe6 37. Rg4+ Bg7 38. Qg5 h6 39. Qd8+
Kh7 40. Qd7 Qc2+ 41. Kg3 1-0

[Event "4NCL/Div1/MMNWE1 vs. 3CS1"]
[Site "West Bromwich ENG"]
[Date "2004.05.22"]
[Round "10.5"]
[White "Littlewood, John E"]
[Black "James, Dale R"]
[Result "1/2-1/2"]
[WhiteElo "2307"]
[BlackElo "2200"]
[PlyCount "70"]
[EventDate "2004.05.22"]

1. e4 Nf6 2. d3 d5 3. exd5 Nxd5 4. g3 c5 5. Bg2 Nc6 6. Nc3 e6 7. Nf3 Be7 8. O-O
Nxc3 9. bxc3 Bf6 10. Bd2 O-O 11. h4 h6 12. Re1 e5 13. Nh2 Qd6 14. Qh5 Re8 15.
Be4 Bd8 16. Rab1 Rf8 17. Nf3 Bc7 18. d4 cxd4 19. cxd4 exd4 20. Bf4 Qd7 21. Bxh6
gxh6 22. Qxh6 f6 23. Rb5 Ne5 24. Bd5+ Rf7 25. Nxd4 a6 26. Rc5 b6 27. Rxe5 Bxe5
28. Qg6+ Kf8 29. Be6 Rg7 30. Qh6 Qxd4 31. Qh8+ Ke7 32. Qxg7+ Kxe6 33. Qg8+ Kd6
34. Qf8+ Ke6 35. Qg8+ Kd6 1/2-1/2

[Event "4NCL/Div1/MMNWE1 vs. 3CS1"]
[Site "West Bromwich ENG"]
[Date "2004.05.22"]
[Round "10.6"]
[White "Ashton, Adam G"]
[Black "Hughes, Howard R"]
[Result "1-0"]
[WhiteElo "2249"]
[BlackElo "2212"]
[PlyCount "51"]
[EventDate "2004.05.22"]

1. e4 d5 2. exd5 Qxd5 3. Nf3 Bg4 4. Be2 Nc6 5. d4 O-O-O 6. Be3 e5 7. c4 Bb4+ 8.
Nc3 Qa5 9. d5 e4 10. Nd2 Bxe2 11. Qxe2 Bxc3 12. dxc6 Bd4 13. b4 Qe5 14. cxb7+
Kb8 15. Rd1 Bxe3 16. fxe3 Nf6 17. O-O h5 18. h3 Qb2 19. Qe1 Qxb4 20. Rf2 Rd3
21. Rb1 Qc5 22. Nb3 Qxc4 23. Rc1 Qd5 24. Nc5 c6 25. Rb2 Ra3 26. Qg3+ 1-0

[Event "4NCL/Div1/MMNWE1 vs. 3CS1"]
[Site "West Bromwich ENG"]
[Date "2004.05.22"]
[Round "10.7"]
[White "Richards, Heather"]
[Black "Shaw, David A"]
[Result "0-1"]
[WhiteElo "2211"]
[BlackElo "2165"]
[PlyCount "124"]
[EventDate "2004.05.22"]

1. e4 e6 2. d4 d5 3. Nc3 Bb4 4. e5 c5 5. Bd2 Ne7 6. f4 O-O 7. dxc5 Nd7 8. Nf3
Nc6 9. Bd3 f6 10. exf6 Qxf6 11. Ng5 g6 12. Qe2 Nxc5 13. O-O Bd7 14. Rae1 Rae8
15. g3 Nxd3 16. cxd3 Nd4 17. Qf2 Nc6 18. h4 Qd4 19. Nb5 Qxb2 20. Re2 Bxd2 21.
Nc7 Qb4 22. Rxd2 Re7 23. Rb2 Qd4 24. Re1 Qxf2+ 25. Kxf2 Bc8 26. Ngxe6 Rff7 27.
Rb5 d4 28. h5 Rxc7 29. Nxc7 Rxc7 30. hxg6 hxg6 31. Rg5 Kf7 32. Rh1 Kf6 33. a3
Ne7 34. g4 Rc3 35. Ke2 Rxa3 36. Rh8 Bd7 37. Rf8+ Kg7 38. Rd8 Ra2+ 39. Ke1 Ra1+
40. Kf2 Ra2+ 41. Kg3 Bc6 42. Rxd4 Kf7 43. Re5 a5 44. Rd6 a4 45. Rde6 Nd5 46.
Rd6 Rb2 47. Rexd5 Bxd5 48. Rxd5 a3 49. Kh4 a2 50. Ra5 b5 51. Kg5 b4 52. Ra7+
Ke8 53. Kxg6 b3 54. f5 Rb1 55. Ra8+ Kd7 56. Ra7+ Kc6 57. f6 a1=Q 58. f7 Qh8 59.
Ra6+ Kb5 60. Rf6 Qxf6+ 61. Kxf6 Rf1+ 62. Kg7 b2 0-1